|
|
|
|
| LEADER |
00000cam a2200000 a 4500 |
| 001 |
vtls008400642 |
| 003 |
SK-MaSNL |
| 005 |
20260426001117.0 |
| 008 |
250313s1936 xo a 000 0 slo |
| 015 |
|
|
|a SNBA19191938-012518
|
| 035 |
|
|
|a SK01SNKBSKHR20010092859
|
| 035 |
|
|
|a urn:nbn:sk:snk-am3ii9p
|
| 035 |
|
|
|a 4259A0ED-6791-4A28-83F4-80FCD52D65DF
|
| 035 |
|
|
|a urn:nbn:sk:snk-am00ek97
|
| 035 |
|
|
|a SKM000095322
|
| 040 |
|
|
|a SNK
|b slo
|c SNK
|e AACR2
|
| 041 |
0 |
|
|a slo
|
| 044 |
|
|
|a xo
|c SK
|
| 080 |
|
|
|a 376
|2 1981
|
| 100 |
1 |
|
|a Šimková, Oľga,
|d 1872-1951
|4 aut
|9 195040
|
| 245 |
1 |
0 |
|a Ľudové kurzy pre ženy na Slovensku v školskom roku 1935/36
|c Oľga Šimková
|
| 260 |
|
|
|a Turčiansky Svätý Martin
|b Správa krajinských škôl Ústavu M. R. Štefánika
|c 1936
|e Martin
|f Kníhtlačiarsky účastinársky spolok
|
| 300 |
|
|
|a 17 s.
|b fotogr., tab.
|c 8°
|
| 648 |
|
7 |
|a 1935-1936
|2 SNKPH
|9 510670
|
| 650 |
0 |
7 |
|a kurzy
|2 SNKPH
|9 29103
|
| 650 |
0 |
7 |
|a ženy
|2 SNKPH
|9 4865
|
| 651 |
|
7 |
|a Slovensko
|2 SNKPHgeo
|9 14231
|
| 655 |
|
7 |
|a informačné publikácie
|2 SNKPH
|9 70181
|
| 852 |
|
|
|a Slovenská národná knižnica
|
| 958 |
|
|
|a RK
|
| 958 |
|
|
|a TL
|
| 958 |
|
|
|a ONDV
|
| 999 |
|
|
|c 874643
|d 876573
|
| 952 |
|
|
|a SNK
|b SNK
|y PREZ
|7 0
|p 17A0843596
|o snkSC 15056
|i snkD 188/61
|8 1
|0 0
|1 0
|4 0
|d 2020-04-23
|f 1
|l 0
|r 2025-07-16 00:00:00
|w 2026-02-24
|